000 00663nam a2200181Ia 4500
008 151018s9999 xx 000 0 und d
082 _bRBASDV45873
_a610
100 _aसुजाता निगम
245 _aस्वस्थ महिलाएँ सुखी समाज
250 _b1
260 _bउत्सवा प्रकाशन
_c2007
300 _a104
600 _aसुजाता निगम
630 _aस्वस्थ महिलाएँ सुखी समाज
700 _aसुजाता निगम
730 _aस्वस्थ महिलाएँ सुखी समाज
942 _cBOOK
999 _c1045049
_d1045046